Sports Quiz

Random Sports or University Quiz
Score 0/20 Timer 07:00
1 Play Today
Hint Answers % Correct
StateWashington
99.3%
Team ColorPurple
90.4%
NicknameHuskies
89.9%
Team ColorGold
89.4%
ConferencePac-12
89.2%
Primary RivalWashington State
88.3%
CitySeattle
88%
Primary RivalOregon
85.5%
No. of Women's Varsity Sports12
83.6%
No. of Men's Varsity Sports10
82.5%
Hint Answers % Correct
Famous Alum: QB ______ MoonWarren
82.5%
Famous Alum: GK Hope ______Solo
76.1%
Football StadiumHusky Stadium
47.3%
Sport w/ most NCAA ChampionshipsWomen's Rowing (5)
33.7%
MascotHarry the Husky
25.3%
Basketball ArenaHec Edmundson Pavilion
23.4%
Fight SongBow Down to Washington
20.9%
MascotDubs II
17.8%
Athletic DirectorJennifer Cohen
10.5%
Baseball StadiumHusky Ballpark
8.9%
Remove Ads.
Support Sporcle.
Get the best of Sporcle when you Go Orange. This ad-free experience offers more features, more stats, and more fun while also helping to support Sporcle. Thank you for becoming a member.

You're not logged in!

Compare scores with friends on all Sporcle quizzes.
OR
Log In

Show Comments

Extras

Top Quizzes Today


Score Distribution

Your Account Isn't Verified!

In order to create a playlist on Sporcle, you need to verify the email address you used during registration. Go to your Sporcle Settings to finish the process.

Report this User

Report this user for behavior that violates our Community Guidelines.

Details: